Score 0/30 Timer 10:00
0 Plays Today
% Correct
The Many Adventures of Winnie the Pooh
91.9%
Transformers: Dark of the Moon
89.4%
The Land Before Time
89.3%
Tangled
88.2%
Ratatouille
87.3%
Beauty and the Beast
86%
X2: X-Men United
86%
Peter Pan
83.6%
Shrek 2
81.9%
Hotel Rwanda
81.6%
James and the Giant Peach
81.3%
The Ten Commandments
80.5%
L.A. Confidential
79.1%
Dr. Dolittle
78.6%
Goodfellas
76.6%
% Correct
No Country for Old Men
75%
V for Vendetta
72.8%
Chocolat
72.2%
Armageddon
72.2%
Road to Perdition
70.1%
Network
69.8%
Trainspotting
66.9%
The Big Lebowski
58.8%
The Bucket List
57.8%
Ghost Rider
56.5%
The Jerk
55.5%
Hellboy
50.4%
Spider-Man
44%
The Departed
41.6%
Analyze This
21%
Remove Ads.
Support Sporcle.
Get the best of Sporcle when you Go Orange. This ad-free experience offers more features, more stats, and more fun while also helping to support Sporcle. Thank you for becoming a member.

You're not logged in!

Compare scores with friends on all Sporcle quizzes.
OR
Log In

Show Comments

Extras

Top Quizzes Today


Score Distribution

Your Account Isn't Verified!

In order to create a playlist on Sporcle, you need to verify the email address you used during registration. Go to your Sporcle Settings to finish the process.

Report this User

Report this user for behavior that violates our Community Guidelines.

Details: